000 nam a22 7a 4500
999 _c26796
_d26796
008 170206b xxu||||| |||| 00| 0 eng d
020 _a1581153635
050 _aNC1001.6 .P577 2004
100 _aPiscopo,Maria
245 _aThe graphic designer's and illustrator's guide to marketing & promotion /
_cMaria Piscopo
260 _aNew York :
_b Allworth Press,
_c©2004.
300 _axii,211p. :
_bill. ;
_c24cm.
500 _aincludes index.
650 _a Sales promotion.
942 _2lcc
_cBOOKS
_hNC1001.6 .P577 2004